| 000 | 00712nam a22002293a 4500 | ||
|---|---|---|---|
| 001 | 016080123 | ||
| 003 | Uk | ||
| 005 | 20130206133817.0 | ||
| 008 | 120503s2012 0 | ||
| 020 | _a9780853699804 (pbk.) | ||
| 082 |
_222 _a615.7 _bJAM |
||
| 100 |
_aJambhekar, Sunil S. _932454 |
||
| 245 | 0 |
_aBasic Pharmacokinetics / _cSunil S. Jambhekar, Philip J. Breen. |
|
| 250 | _a2nd ed. | ||
| 260 |
_bPharmaceutical Press, _c2012. _aLondon : |
||
| 300 |
_axii, 477 p. : _bill. (some col.) ; _c25 cm. |
||
| 504 | _aIncludes bibliographical references and index. | ||
| 650 |
_aDrug Therapy _xMethods _932455 |
||
| 650 |
_aPharmacokinetics _932456 |
||
| 653 |
_bPharmacy _cFebruary2013 |
||
| 942 |
_2ddc _cBB |
||
| 999 |
_c17247 _d17219 |
||